LIBRARY & INFORMATION CENTRE, KCAET, TAVANUR

ONLINE PUBLIC ACCESS CATALOGUE (OPAC)

Soil Health for Better Crops (Record no. 14432)

MARC details
000 -LEADER
fixed length control field 00291nam a22001217a 4500
020 ## - INTERNATIONAL STANDARD BOOK NUMBER
ISBN 9788183212564
082 ## - DEWEY DECIMAL CLASSIFICATION NUMBER
Classification number 631.47
Item number BAL/SO
100 ## - MAIN ENTRY--AUTHOR NAME
Personal name Balai, Lal Jana
245 ## - TITLE STATEMENT
Title Soil Health for Better Crops
260 ## - PUBLICATION, DISTRIBUTION, ETC. (IMPRINT)
Place of publication Udaipur
Name of publisher Agrotech Publishing Academy
300 ## - PHYSICAL DESCRIPTION
Number of Pages 656
942 ## - ADDED ENTRY ELEMENTS (KOHA)
Koha item type Books
Holdings
Withdrawn status Lost status Damaged status Collection code Home library Current library Shelving location Date acquired Source of acquisition Cost, normal purchase price Full call number Accession Number Koha item type
        KAUAET KAUAET General Stacks 01/07/2016 Penta Books, Calicut 1950.00 631.47 BAL/SO 23761 Books
free website counter